| 000 | 00530nam a2200157 a 4500 | ||
|---|---|---|---|
| 001 | 4918 | ||
| 003 | CDMR | ||
| 005 | 20130524111005.0 | ||
| 008 | 130130s1999||||||||||||||||||||||||||||d | ||
| 040 |
_aCDMR _bcat _cCDMR |
||
| 245 | 0 |
_aInforme mundial sobre la comunicación _b: los medios frente al desafío de las nuevas tecnologías |
|
| 260 |
_aMadrid _c1999 _bUNESCO |
||
| 650 | 0 | 4 |
_93508 _aTecnologia de la informació _xAspectes socials |
| 650 | 0 | 4 |
_93080 _aMitjans de comunicació de massa _xInnovacions tecnològiques |
| 942 |
_cMON _2udc |
||
| 999 |
_c4918 _d4918 |
||